Appraising building defects: perspectives on stability and hygrothermal performance. (Record no. 94375)

MARC details
000 -LEADER
fixed length control field 00710cam a2200241 4500
008 - FIXED-LENGTH DATA ELEMENTS--GENERAL INFORMATION
fixed length control field 090401t1992 xxu||||| |||| 00| 0 eng d
020 ## - INTERNATIONAL STANDARD BOOK NUMBER
International Standard Book Number 0582051088
035 ## - SYSTEM CONTROL NUMBER
System control number (Sirsi) u62152
041 ## - LANGUAGE CODE
Language code of text/sound track or separate title eng
050 ## - LIBRARY OF CONGRESS CALL NUMBER
Classification number 690.25
100 ## - MAIN ENTRY--PERSONAL NAME
Personal name Cook, Geoffrey K.
245 ## - TITLE STATEMENT
Title Appraising building defects: perspectives on stability and hygrothermal performance.
260 ## - PUBLICATION, DISTRIBUTION, ETC.
Place of publication, distribution, etc. Harlow, essex
Name of publisher, distributor, etc. Longman Scientific & Tecnical
Date of publication, distribution, etc. 1992
300 ## - PHYSICAL DESCRIPTION
Extent xxiv,488p. : ill. ; 25cm
350 ## - PRICE (NR) (BK AM CF MU VM SE) [OBSOLETE]
Price 0
650 ## - SUBJECT ADDED ENTRY--TOPICAL TERM
Topical term or geographic name entry element BUILDING DEFECTS
650 ## - SUBJECT ADDED ENTRY--TOPICAL TERM
Topical term or geographic name entry element HYGROTHERMAL PERFORMANCE
650 ## - SUBJECT ADDED ENTRY--TOPICAL TERM
Topical term or geographic name entry element STRUCTURAL STABILITY
690 ## - LOCAL SUBJECT ADDED ENTRY--TOPICAL TERM (OCLC, RLIN)
Topical term or geographic name as entry element BUILT ENVIRONMENT-BUILDING PATHOLOGY
700 ## - ADDED ENTRY--PERSONAL NAME
Personal name Hinks, A. John
942 ## - ADDED ENTRY ELEMENTS (KOHA)
Suppress in OPAC 0
948 ## - LOCAL PROCESSING INFORMATION (OCLC); SERIES PART DESIGNATOR (RLIN)
c (OCLC) 04/03/1997
Holdings
Withdrawn status Lost status Source of classification or shelving scheme Damaged status Not for loan Home library Current library Shelving location Date acquired Total Checkouts Full call number Barcode Date last seen Date last checked out Copy number Price effective from Koha item type
    Dewey Decimal Classification     London London Books 22/09/1999 28 690.25 30059147 06/08/2019 29/10/2009 1 06/08/2019 Book